[Event "Julian Borowski - A"]
[Site "Essen"]
[Date "2000.04.28"]
[Round "3"]
[White "Hansen, Curt"]
[Black "Dautov, Rustem"]
[Result "1/2-1/2"]
[WhiteElo "2618"]
[BlackElo "2602"]
[PlyCount "53"]
[EventDate "2000.04.28"]

1. c4 Nf6 2. Nc3 e5 3. Nf3 Nc6 4. e3 Bb4 5. Qc2 Bxc3 6. Qxc3 Qe7 7. Be2 O-O 8.
O-O d5 9. d4 exd4 10. Nxd4 Nxd4 11. Qxd4 c5 12. Qf4 dxc4 13. Bxc4 Be6 14. b3
Bxc4 15. Qxc4 Qe5 16. Rb1 Qe4 17. Qxe4 Nxe4 18. f3 Nc3 19. Rb2 Rfd8 20. Rc2 Rd3
21. Bd2 Nb5 22. Rxc5 Rxd2 23. Rxb5 Rc8 24. Rxb7 g6 25. Kh1 Rcc2 26. Rg1 Rxa2
27. h4 1/2-1/2

[Event "Julian Borowski - A"]
[Site "Essen"]
[Date "2000.04.28"]
[Round "3"]
[White "Huebner, Robert"]
[Black "Sutovsky, Emil"]
[Result "1/2-1/2"]
[WhiteElo "2620"]
[BlackElo "2597"]
[PlyCount "47"]
[EventDate "2000.04.28"]

1. c4 g6 2. e4 c5 3. Nf3 Bg7 4. d4 Qa5+ 5. Nc3 Nf6 6. Bd3 cxd4 7. Nxd4 Nc6 8.
Nb3 Qd8 9. O-O d6 10. h3 Nd7 11. Be3 a5 12. Be2 O-O 13. Rc1 a4 14. Nd4 Nc5 15.
Ndb5 Qa5 16. f4 Na7 17. e5 Nxb5 18. cxb5 Be6 19. Nd5 Bxd5 20. Qxd5 b6 21. Bxc5
dxc5 22. Rcd1 Qb4 23. Qd2 Rad8 24. Qxb4 1/2-1/2

[Event "Julian Borowski - A"]
[Site "Essen"]
[Date "2000.04.30"]
[Round "5"]
[White "Glek, Igor V"]
[Black "Dautov, Rustem"]
[Result "1/2-1/2"]
[WhiteElo "2554"]
[BlackElo "2602"]
[PlyCount "89"]
[EventDate "2000.04.30"]

1. e4 c6 2. d4 d5 3. Nc3 dxe4 4. Nxe4 Bf5 5. Ng3 Bg6 6. h4 h6 7. Nf3 Nf6 8. Ne5
Bh7 9. Bd3 Bxd3 10. Qxd3 e6 11. Bd2 Nbd7 12. f4 Be7 13. O-O-O O-O 14. Qe2 c5
15. f5 cxd4 16. Nxf7 Qc7 17. fxe6 Qxg3 18. Nxh6+ gxh6 19. exd7 Rf7 20. Bxh6 Rd8
21. Rxd4 Rxd7 22. Rxd7 Nxd7 23. Kb1 Bf8 24. Bc1 Qf2 25. Qd1 Ne5 26. Qd5 Nc6 27.
a3 Nd4 28. Qe4 Re7 29. Qd3 Qxg2 30. Rd1 Bg7 31. Qc4+ Kh7 32. Rxd4 Bxd4 33. Qxd4
a6 34. h5 Qe4 35. Qf2 Qd5 36. h6 Rf7 37. Qe2 Qf3 38. Qd2 Qf5 39. b3 Rd7 40. Qe2
Rf7 41. a4 Qf3 42. Qd2 Qf2 43. Qd8 Qf6 44. Qb8 Qf5 45. Qh2 1/2-1/2

[Event "Julian Borowski - A"]
[Site "Essen"]
[Date "2000.05.03"]
[Round "7"]
[White "Glek, Igor V"]
[Black "Hansen, Curt"]
[Result "1/2-1/2"]
[WhiteElo "2554"]
[BlackElo "2618"]
[PlyCount "117"]
[EventDate "2000.05.03"]

1. e4 c5 2. Nf3 e6 3. d3 Nc6 4. g3 Nf6 5. Bg2 Be7 6. O-O O-O 7. Re1 Rb8 8. e5
Ne8 9. d4 cxd4 10. Nxd4 f6 11. exf6 Bxf6 12. Be3 d5 13. Nc3 Nd6 14. b3 Nf5 15.
Nxc6 bxc6 16. Bf4 Rb4 17. Be5 Bxe5 18. Rxe5 Qf6 19. Qe1 Rg4 20. f4 Qg6 21. Ne2
Nh4 22. h3 Nxg2 23. Kxg2 Rh4 24. g4 Rh6 25. Qd2 c5 26. Kg3 Qf7 27. g5 Rh5 28.
Ng1 h6 29. Nf3 hxg5 30. Nxg5 Qf6 31. Rae1 Qh6 32. Qe3 Rh4 33. Rf1 d4 34. Qe4
Rh5 35. Rxc5 e5 36. Qd5+ Kh8 37. Nf7+ Rxf7 38. Rxc8+ Kh7 39. Qxf7 Rxh3+ 40. Kf2
Rh2+ 41. Ke1 Qh4+ 42. Kd1 Qg4+ 43. Kc1 Qxc8 44. Qc4 Qxc4 45. bxc4 e4 46. Rd1
Kg6 47. Rxd4 Kf5 48. c5 e3 49. c6 Rh1+ 50. Rd1 Rh6 51. c7 Rc6 52. Rd7 g6 53.
Re7 Kxf4 54. Kd1 g5 55. Rf7+ Kg3 56. Re7 Kf4 57. Rf7+ Kg3 58. Re7 Kf3 59. Rf7+
1/2-1/2

[Event "Julian Borowski - A"]
[Site "Essen"]
[Date "2000.05.03"]
[Round "7"]
[White "Sutovsky, Emil"]
[Black "Dautov, Rustem"]
[Result "1-0"]
[WhiteElo "2597"]
[BlackElo "2602"]
[PlyCount "61"]
[EventDate "2000.05.03"]

1. e4 c6 2. d4 d5 3. e5 c5 4. dxc5 e6 5. Be3 Nh6 6. Nf3 Nd7 7. Bxh6 gxh6 8. c4
dxc4 9. Bxc4 Nxc5 10. Qe2 a6 11. b4 Nd7 12. a3 a5 13. Nc3 axb4 14. Ne4 Rxa3 15.
Rd1 Be7 16. O-O O-O 17. Bb5 Qc7 18. Rc1 Qb8 19. Ng3 Nc5 20. Rfe1 Rd8 21. Qc4 b6
22. Qf4 Bb7 23. Nh5 Bf8 24. Nd4 f5 25. Rxc5 bxc5 26. Nxe6 Be4 27. Nf6+ Kh8 28.
Nxe4 fxe4 29. Qf6+ Kg8 30. Bc4 Rc3 31. Nxd8+ 1-0

[Event "Julian Borowski - A"]
[Site "Essen"]
[Date "2000.05.04"]
[Round "8"]
[White "Bischoff, Klaus"]
[Black "Glek, Igor V"]
[Result "1-0"]
[WhiteElo "2544"]
[BlackElo "2554"]
[PlyCount "71"]
[EventDate "2000.05.04"]

1. c4 Nf6 2. Nc3 g6 3. e4 d6 4. d4 Bg7 5. Nf3 O-O 6. Be2 a5 7. O-O Na6 8. Re1
e5 9. d5 Nc5 10. Bf1 Bd7 11. g3 c6 12. dxc6 Bxc6 13. Bg5 h6 14. Bxf6 Qxf6 15.
Bg2 Qe6 16. Qe2 f5 17. Bh3 Qf6 18. exf5 gxf5 19. Nh4 Ne6 20. Bg2 Bxg2 21. Nxg2
Nd4 22. Qd1 Qf7 23. Nd5 b5 24. b3 a4 25. Rc1 axb3 26. axb3 Ra2 27. Nh4 bxc4 28.
bxc4 Bf6 29. Nf3 Nxf3+ 30. Qxf3 Bg5 31. Ra1 Rfa8 32. Rxa2 Rxa2 33. h4 e4 34.
Qb3 Qa7 35. c5 Ra3 36. Qb6 1-0